Most Popular Baby Names In The U.S. 2024 - Statistics

General Stats
  • This quiz has been taken 48 times
  • The average score is 25 of 50
Answer Stats
Letter Name % Correct
W William
87%
O Oliver
85%
O Olivia
79%
S Samuel
79%
J James
77%
L Liam
77%
J Jack
74%
D Daniel
72%
E Emma
72%
J John
72%
N Noah
72%
B Benjamin
69%
H Henry
69%
L Luke
64%
M Michael
62%
E Elijah
59%
J Joseph
59%
M Matthew
59%
S Sofia
59%
S Sophia
59%
L Leo
56%
L Luca
56%
L Lucas
56%
D David
54%
I Isabella
54%
A Alexander
51%
C Charlotte
51%
E Ethan
51%
A Amelia
49%
M Mia
49%
O Owen
44%
T Theodore
44%
A Ava
41%
E Evelyn
41%
L Logan
41%
M Mateo
38%
L Levi
33%
S Sebastian
31%
E Ezra
26%
H Harper
26%
C Camila
23%
H Hudson
23%
A Avery
21%
E Eleanor
18%
E Elias
18%
A Asher
13%
J Julian
13%
L Luna
13%
D Dylan
10%
S Santiago
5%
No matching quizzes found
Score Distribution
Percent of People with Each Score
Percentile by Number Answered
Your Score History
You have not taken this quiz